الأزمة اللبنانية الأبعاد الإجتماعية و الإقتصادية : (Record no. 1567)
[ view plain ]
| 000 -LEADER | |
|---|---|
| fixed length control field | 00656nam a22001817a 4500 |
| 005 - DATE AND TIME OF LATEST TRANSACTION | |
| control field | 20251108164022.0 |
| 008 - FIXED-LENGTH DATA ELEMENTS--GENERAL INFORMATION | |
| fixed length control field | 250721s1988 xx 000 0 ara d |
| 082 14 - DEWEY DECIMAL CLASSIFICATION NUMBER | |
| Classification number | 962/ندو |
| 111 2# - MAIN ENTRY--MEETING NAME | |
| Meeting name or jurisdiction name as entry element | ندوة الأزمة اللبنانية الأبعاد (عمان :1988) |
| 245 10 - TITLE STATEMENT | |
| Title | الأزمة اللبنانية الأبعاد الإجتماعية و الإقتصادية : |
| Remainder of title | بحوث / |
| 264 1# - PRODUCTION, PUBLICATION, DISTRIBUTION, MANUFACTURE, AND COPYRIGHT NOTICE | |
| Place of production, publication, distribution, manufacture | عمان : |
| Name of producer, publisher, distributor, manufacturer | منتدى الفكر العربي، |
| Date of production, publication, distribution, manufacture, or copyright notice | 1988. |
| 300 ## - PHYSICAL DESCRIPTION | |
| Extent | 374ص |
| 650 17 - SUBJECT ADDED ENTRY--TOPICAL TERM | |
| Topical term or geographic name as entry element | تاريخ لبنان |
| 650 17 - SUBJECT ADDED ENTRY--TOPICAL TERM | |
| Topical term or geographic name as entry element | الأحوال الإجتماعية |
| 650 17 - SUBJECT ADDED ENTRY--TOPICAL TERM | |
| Topical term or geographic name as entry element | الأحوال الإقتصادية |
| 942 ## - ADDED ENTRY ELEMENTS (KOHA) | |
| Source of classification or shelving scheme | Dewey Decimal Classification |
| Koha item type | Books |
| حالة السحب | حالة الفقدان | مصدر التصنيف | حالة التلف | غير قابل للإعارة | المكتبة الرئيسية | المكتبة الحالية | موقع الرف | تاريخ التزويد | الرقم المتسلسل | Total Checkouts | رقم الإستدعاء | الباركود | تاريخ آخر ظهور | تاريخ الفاتورة | نوع المادة (كوها) |
|---|---|---|---|---|---|---|---|---|---|---|---|---|---|---|---|
| Dewey Decimal Classification | المكتبة المركزية | المكتبة المركزية | الإعارة | 06/07/2004 | 270949 | 962/ندو | 270949 | 28/07/2025 | 06/07/2004 | Books | |||||
| Dewey Decimal Classification | Unchecked | مكتبة أبو علندا العامة | مكتبة أبو علندا العامة | الإعارة | 06/07/2004 | 1431 | 962/ندو | 28/07/2025 | 06/07/2004 | Books | |||||
| Dewey Decimal Classification | مكتبة الأميرة ايمان العامة | مكتبة الأميرة ايمان العامة | الإعارة | 08/10/2013 | [10199] | 962/ندو | PLD00282638 | 28/07/2025 | 08/10/2013 | Books | |||||
| Dewey Decimal Classification | مكتبة وادي السير العامة | مكتبة وادي السير العامة | الإعارة | 01/03/2016 | [7640]... | 962/ندو | PLD00377091 | 28/07/2025 | 01/03/2016 | Books |